<?xml version="1.0" encoding="UTF-8"?><?xml-stylesheet type="text/xsl" href="static/style.xsl"?><OAI-PMH xmlns="http://www.openarchives.org/OAI/2.0/" xmlns:xsi="http://www.w3.org/2001/XMLSchema-instance" xsi:schemaLocation="http://www.openarchives.org/OAI/2.0/ http://www.openarchives.org/OAI/2.0/OAI-PMH.xsd"><responseDate>2026-04-17T19:15:00Z</responseDate><request verb="GetRecord" identifier="oai:www.recercat.cat:11351/11974" metadataPrefix="marc">https://recercat.cat/oai/request</request><GetRecord><record><header><identifier>oai:recercat.cat:11351/11974</identifier><datestamp>2025-10-24T10:26:53Z</datestamp><setSpec>com_2072_378070</setSpec><setSpec>com_2072_378040</setSpec><setSpec>col_2072_378092</setSpec></header><metadata><record xmlns="http://www.loc.gov/MARC21/slim" xmlns:dcterms="http://purl.org/dc/terms/" xmlns:xsi="http://www.w3.org/2001/XMLSchema-instance" xmlns:doc="http://www.lyncode.com/xoai" xsi:schemaLocation="http://www.loc.gov/MARC21/slim http://www.loc.gov/standards/marcxml/schema/MARC21slim.xsd">
   <leader>00925njm 22002777a 4500</leader>
   <datafield ind2=" " ind1=" " tag="042">
      <subfield code="a">dc</subfield>
   </datafield>
   <datafield ind2=" " ind1=" " tag="720">
      <subfield code="a">Juan Ribelles, Antonio</subfield>
      <subfield code="e">author</subfield>
   </datafield>
   <datafield ind2=" " ind1=" " tag="720">
      <subfield code="a">Bautista, F.</subfield>
      <subfield code="e">author</subfield>
   </datafield>
   <datafield ind2=" " ind1=" " tag="720">
      <subfield code="a">Cañete, Adela</subfield>
      <subfield code="e">author</subfield>
   </datafield>
   <datafield ind2=" " ind1=" " tag="720">
      <subfield code="a">RUBIO-SAN-SIMON, Alba</subfield>
      <subfield code="e">author</subfield>
   </datafield>
   <datafield ind2=" " ind1=" " tag="720">
      <subfield code="a">Alonso-Saladrigues, Anna</subfield>
      <subfield code="e">author</subfield>
   </datafield>
   <datafield ind2=" " ind1=" " tag="720">
      <subfield code="a">Hladun Alvaro, Raquel</subfield>
      <subfield code="e">author</subfield>
   </datafield>
   <datafield ind2=" " ind1=" " tag="720">
      <subfield code="a">Diaz de Heredia, Cristina</subfield>
      <subfield code="e">author</subfield>
   </datafield>
   <datafield ind2=" " ind1=" " tag="720">
      <subfield code="a">Moreno, Lucas</subfield>
      <subfield code="e">author</subfield>
   </datafield>
   <datafield ind2=" " ind1=" " tag="260">
      <subfield code="c">2024-09-27T10:41:45Z</subfield>
   </datafield>
   <datafield ind2=" " ind1=" " tag="260">
      <subfield code="c">2024-09-27T10:41:45Z</subfield>
   </datafield>
   <datafield ind2=" " ind1=" " tag="260">
      <subfield code="c">2024-09</subfield>
   </datafield>
   <datafield ind2=" " ind1=" " tag="520">
      <subfield code="a">Desarrollo de fármacos; Ensayos clínicos; Hematología y oncología pediátrica</subfield>
   </datafield>
   <datafield ind2=" " ind1=" " tag="520">
      <subfield code="a">Drug development; Clinical trials; Pediatric hematology and oncology</subfield>
   </datafield>
   <datafield ind2=" " ind1=" " tag="520">
      <subfield code="a">Desenvolupament de fàrmacs; Assaigs clínics; Hematologia i oncologia pediàtrica</subfield>
   </datafield>
   <datafield ind2=" " ind1=" " tag="520">
      <subfield code="a">Introduction&#xd;
ECLIM-SEHOP platform was created in 2017. Its main objective is to establish the infrastructure to allow Spanish participation into international academic collaborative clinical trials, observational studies, and registries in pediatric oncology. The aim of this manuscript is to describe the activity conducted by ECLIM-SEHOP since its creation.&#xd;
Methods&#xd;
The platform’s database was queried to provide an overview of the studies integrally and partially supported by the organization. Data on trial recruitment and set-up/conduct metrics since its creation until November 2023 were extracted.&#xd;
Results&#xd;
ECLIM-SEHOP has supported 47 studies: 29 clinical trials and 18 observational studies/registries that have recruited a total of 5250 patients. Integral support has been given to 25 studies: 16 trials recruiting 584 patients and nine observational studies/registries recruiting 278 patients. The trials include front-line studies for leukemia, lymphoma, brain and solid extracranial tumors, and other key transversal topics such as off-label use of targeted therapies and survivorship. The mean time from regulatory authority submission to first patient recruited was 12.2 months and from first international site open to first Spanish site open was 31.3 months.&#xd;
Discussion&#xd;
ECLIM-SEHOP platform has remarkably improved the availability and accessibility of international academic clinical trials and has facilitated the centralization of resources in childhood cancer treatment. Despite the progressive improvement on clinical trial set-up metrics, timings should still be improved. The program has contributed to leveling survival rates in Spain with those of other European countries that presented major differences in the past.</subfield>
   </datafield>
   <datafield ind2=" " ind1=" " tag="520">
      <subfield code="a">ECLIM-SEHOP was supported by the grant “Cáncer infantil y cánceres poco frecuentes 2018” from Asociación Española Contra el Cáncer (AECC) (Grant CICPF18016FERN 2018). Support is also received from Federación Española de Padres de Niños con Cáncer, Asociación Pablo Ugarte, Fundación Inocente, ACAYE, Uno entre cien mil and Fundación MAR.</subfield>
   </datafield>
   <datafield ind1="8" ind2=" " tag="024">
      <subfield code="a">http://hdl.handle.net/11351/11974</subfield>
   </datafield>
   <datafield tag="653" ind2=" " ind1=" ">
      <subfield code="a">Infants</subfield>
   </datafield>
   <datafield tag="653" ind2=" " ind1=" ">
      <subfield code="a">Assaigs clínics</subfield>
   </datafield>
   <datafield tag="653" ind2=" " ind1=" ">
      <subfield code="a">Càncer - Tractament</subfield>
   </datafield>
   <datafield tag="653" ind2=" " ind1=" ">
      <subfield code="a">Cooperació internacional</subfield>
   </datafield>
   <datafield tag="653" ind2=" " ind1=" ">
      <subfield code="a">NAMED GROUPS::Persons::Age Groups::Child</subfield>
   </datafield>
   <datafield tag="653" ind2=" " ind1=" ">
      <subfield code="a">ANALYTICAL, DIAGNOSTIC AND THERAPEUTIC TECHNIQUES, AND EQUIPMENT::Investigative Techniques::Epidemiologic Methods::Epidemiologic Study Characteristics::Clinical Studies as Topic::Clinical Trials as Topic</subfield>
   </datafield>
   <datafield tag="653" ind2=" " ind1=" ">
      <subfield code="a">DISEASES::Neoplasms</subfield>
   </datafield>
   <datafield tag="653" ind2=" " ind1=" ">
      <subfield code="a">SCIENCE AND HEALTH::Health Sciences, Technology, and Innovation Management::Policies and Cooperation in Science, Technology and Innovation::International Cooperation</subfield>
   </datafield>
   <datafield tag="653" ind2=" " ind1=" ">
      <subfield code="a">DENOMINACIONES DE GRUPOS::personas::Grupos de Edad::niño</subfield>
   </datafield>
   <datafield tag="653" ind2=" " ind1=" ">
      <subfield code="a">TÉCNICAS Y EQUIPOS ANALÍTICOS, DIAGNÓSTICOS Y TERAPÉUTICOS::técnicas de investigación::métodos epidemiológicos::características de los estudios epidemiológicos::estudios clínicos como asunto::ensayos clínicos como asunto</subfield>
   </datafield>
   <datafield tag="653" ind2=" " ind1=" ">
      <subfield code="a">ENFERMEDADES::neoplasias</subfield>
   </datafield>
   <datafield tag="653" ind2=" " ind1=" ">
      <subfield code="a">CIENCIA Y SALUD::gestión de ciencia, tecnología e innovación en salud::políticas y cooperación en ciencia, tecnología e innovación::cooperación internacional</subfield>
   </datafield>
   <datafield ind2="0" ind1="0" tag="245">
      <subfield code="a">ECLIM-SEHOP: how to develop a platform to conduct academic trials for childhood cancer</subfield>
   </datafield>
</record></metadata></record></GetRecord></OAI-PMH>